| 000 | 00591nam a22002057a 4500 | ||
|---|---|---|---|
| 005 | 20260204034740.0 | ||
| 008 | 220217b |||||||| |||| 00| 0 eng d | ||
| 020 | _a9814352756 | ||
| 040 | _cJHCSC | ||
| 041 | _aeng | ||
| 082 | _a005.1 | ||
| 100 |
_910083 _aSasha Vodnik _eauthor |
||
| 245 |
_aHTML5 and CSS3 Introductory/ _cSasha Vodnik |
||
| 250 | _aPhilippines edition | ||
| 260 |
_aAustralia: _bCengage Learning, _c2016. |
||
| 300 |
_a232p. _bincludes illustration |
||
| 650 | 0 |
_92426 _aWeb site development |
|
| 760 | _bPhilippines edition | ||
| 942 |
_2ddc _cBOOK _ePhilippines edition |
||
| 999 |
_c11304 _d11304 |
||